|
|
|
|
| LEADER |
00000nam0a2200000 4500 |
| 001 |
328102 |
| 005 |
20231102004027.0 |
| 035 |
|
|
|a (RuTPU)RU\TPU\book\353793
|
| 090 |
|
|
|a 328102
|
| 100 |
|
|
|a 20170210d1902 m y0rusy50 ca
|
| 101 |
0 |
|
|a rus
|
| 102 |
|
|
|a RU
|
| 105 |
|
|
|a a z 000zy
|
| 200 |
1 |
|
|a Безопасность рабочего труда на фабриках и заводах
|a Обязанности кочегара. Необходимые правила для обслуживающих паровые котлы
|f В. И. Михайловский
|
| 210 |
|
|
|a Санкт-Петербург
|c Типография Н. П. Собко
|d 1902
|
| 215 |
|
|
|a 20 с.
|c ил.
|
| 606 |
1 |
|
|a Паровые котлы
|x Технический надзор
|x Эксплуатация
|2 stltpush
|3 (RuTPU)RU\TPU\subj\48206
|9 67083
|
| 610 |
1 |
|
|a техника безопасности
|
| 610 |
1 |
|
|a инструкции
|
| 610 |
1 |
|
|a обслуживание
|
| 675 |
|
|
|a 621.182.004
|v 4
|
| 700 |
|
1 |
|a Михайловский
|b В. И.
|
| 801 |
|
1 |
|a RU
|b 63413507
|c 20170210
|
| 801 |
|
2 |
|a RU
|b 63413507
|c 20170213
|g RCR
|
| 942 |
|
|
|c BK
|